| 000 | 01166nam a2200361 c 4500 | ||
|---|---|---|---|
| 001 | 1654 | ||
| 003 | ES-MaCES | ||
| 005 | 20141221121544.0 | ||
| 008 | 941123s1994 sp ||| | spa d | ||
| 017 |
_aM-12938-1994 _bDL |
||
| 020 | _a8426028721 | ||
| 024 | 7 |
_a103-94-016-3 _2nipo |
|
| 035 | _aCES19980016625m | ||
| 040 |
_aES-MaCES _bspa _cES-MaCES |
||
| 245 | 0 | 0 |
_aEstadística de establecimientos sanitarios con régimen de internado 1991 _cInstituto Nacional de Estadística ; Ministerio de Sanidad y Consumo [colaborador] |
| 260 |
_aMadrid _bINE _c1994 |
||
| 300 |
_a193 p. _c30 cm |
||
| 541 | _cGratuito | ||
| 650 | 4 |
_acentro médico _929367 |
|
| 650 | 4 |
_ahospital _927059 |
|
| 650 | 4 |
_aservicio de salud _927058 |
|
| 650 | 4 |
_aasistencia médica _930272 |
|
| 650 | 4 |
_aEspaña _926964 |
|
| 650 | 4 |
_a1991 _930825 |
|
| 650 | 4 |
_adatos estadísticos _930765 |
|
| 650 | 4 |
_ainforme _928986 |
|
| 653 | 1 | 0 | _aEstadísticas |
| 710 | 1 |
_aEspaña _bMinisterio de Sanidad y Consumo _ecol. _93269 |
|
| 710 | 2 |
_aInstituto Nacional de Estadística (España) _94273 |
|
| 902 | _aLIB Libro | ||
| 942 |
_2CES _cBK _h8.0. |
||
| 999 |
_c1654 _d1654 |
||